<?xml version="1.0" encoding="UTF-8"?>
<collection xmlns="http://www.loc.gov/MARC21/slim">
  <record>
    <leader>00000nam  2200000   4500</leader>
    <controlfield tag="001">INLIS000000000002084</controlfield>
    <controlfield tag="005">20180724144024</controlfield>
    <controlfield tag="008">180724|||||||||   |   |||   |||| ||   | </controlfield>
    <datafield tag="035" ind1=" " ind2=" ">
      <subfield code="0">010-0718002084</subfield>
    </datafield>
    <datafield tag="041" ind1=" " ind2=" ">
      <subfield code="a">id</subfield>
    </datafield>
    <datafield tag="082" ind1=" " ind2=" ">
      <subfield code="a">R.015 PIM I 2016</subfield>
    </datafield>
    <datafield tag="090" ind1=" " ind2=" ">
      <subfield code="a">R.015 PIM I 2016</subfield>
    </datafield>
    <datafield tag="100" ind1=" " ind2=" ">
      <subfield code="a">Pannen., Paulina</subfield>
    </datafield>
    <datafield tag="245" ind1=" " ind2=" ">
      <subfield code="a">Pelembagaan Manajemen Inovasi Di Perguruan Tinggi</subfield>
    </datafield>
    <datafield tag="260" ind1=" " ind2=" ">
      <subfield code="a">Jakarta</subfield>
      <subfield code="b">LAN Jakarta</subfield>
      <subfield code="c">2016</subfield>
    </datafield>
    <datafield tag="300" ind1=" " ind2=" ">
      <subfield code="a">29 hlm., 30 cm</subfield>
    </datafield>
    <datafield tag="500" ind1=" " ind2=" ">
      <subfield code="a">Kebanyakan proses penciptaan inovasi di perguruan tinggi (PT) berhenti sampai sebuah ide/konsep/temuan ilmiah yang dilaporkan dan dipublikasikan, karena terjadi kekosongan antara PT dengan industry untuk tahap pengembangan inovasi selanjutnya.  Hanya beberapa PT yang kemudian melanjutkannya ke tahap uji alpha untuk memperoleh paten, atau ke tahap uji beta untuk memperoleh prototipe industry, dan difusi untuk komersialisasi inovasi kepada industri.  &#13;
&#13;
Proyek Perubahan Pelembagaan Manajemen Inovasi di Perguruan Tinggi merupakan upaya untuk menjawab kebutuhan akan manajemen inovasi di perguruan tinggi dan perlunya sebuah Lembaga manajemen inovasi sebagai Lembaga intermediasi antara peneliti/inovator di perguruan tinggi dengan industri.  Melalui Lembaga ini, kerjasama perguruan tinggi dengan industri diharapkan dapat terjalin mulai dari proses pembelajaran sampai penelitian, ujicoba, pengembangan prototipe, sampai produksi oleh industri.</subfield>
    </datafield>
    <datafield tag="650" ind1=" " ind2=" ">
      <subfield code="a">Manajemen Inovasi</subfield>
    </datafield>
  </record>
</collection>
